00504nam a22001697a 4500020001800000082001400018100001700032245004800049260003500097300001000132650002100142650002500163650001600188942000700204999001900211952010400230 a9789348132673 aM4bSOM/P aSomanadhan P aPookalamonnil poonirapole/cby Somanadhan P aKozhikode:bAtma Books,c2025. a222p. aEssays Malayalam aLiterature Malayalam aLiterature  cBK c181733d181733 00104070aSSUSbSSUScSTACKSd2026-05-21g440.00l0oM4 SOM/Pp108906r2026-05-21w2026-05-21yBK